000
00272nam a2200097Ia 4500
082
_a
XHO F BELE
245
0
_a
Kobe kuphole
100
_a
Belebesi, G. M. Florida Hills, South Africa, 2005 1st ed
_9
62674
942
_c
BK
008
210817s9999 xx 000 0 und d
999
_c
198010
_d
198005